000 01103nam a2200289Ia 4500
003 OSt
005 20221005111935.0
006 a|||||r|||| 00| 0
007 ta
008 221004b |||||||| |||| 00| 0 hin d
024 _a31627
037 _cTextual
040 _aCRL
_cCRL
_bhin
041 _2hin
_ahin
082 _aP15,1:g, 152M5
100 _aभट्ट, केदार
245 0 _aवृत्तरत्नाकरः
246 _aVṛuttaratnākarah
250 _aसप्तम् संस्करण - 215पृ.
260 _aवाराणसी
_bचौखम्बा सुरभारती प्रकाशन भारत
_c1985
300 _a160पृ.
_ccm.
490 _aचौखम्बा सुरभारती ग्रंथमाला; 81. काशी संस्कृत ग्रंथमाला; 55
650 _a संस्कृत साहित्य
650 _aहिन्दी भाषा
942 _hP15,1:g, 152M5
_cTEXL
_2cc
999 _c1023366
_d1023366